000 00581nam a22002291c 4500
001 527954535
008 161128s2005 gw a||| 000u rus d
020 _a5969700835
_95-9697-0083-5
041 _arus
100 1 _aRaevskij, Sergej Petrovič
245 0 0 _aPjat' vekov Raevskich /
_cSergej Raevskij
246 1 0 _a5
264 _aMoskva :
_bVagrius,
_c2005
300 _a590 S., [8] Bl : Ill
600 0 _aRaevskij (Familie)
651 0 _aRussland
651 0 _aSowjetunion
942 _cMG
040 _cRU-10907106
003 RU-10907106
999 _c40332
_d40332
490 0 _aSemejnye chroniki